[Event "Malta ol (Men)"]
[Site "La Valetta"]
[Date "1980.??.??"]
[Round "?"]
[White "Karpov, Anatoly"]
[Black "Alburt, Lev O"]
[Result "1-0"]
[WhiteElo "2725"]
[BlackElo "2515"]

1.e4 Nf6 2.e5 Nd5 3.d4 d6 4.Nf3 Bg4 5.Be2 Nc6 6.c4 Nb6 7.exd6 exd6 8.d5 Bxf3
9.Bxf3 Ne5 10.Be2 Qh4 11.O-O h5 12.Nd2 g6 13.f4 Ng4 14.Nf3 Qf6 15.Re1 O-O-O
16.a4 a5 17.Qd2 Bg7 18.h3 Rde8 19.Bf1 Nh6 20.Qxa5 Nf5 21.Rd1 Kb8 22.Ra3 Re4
23.Qb5 Nc8 24.Rb3 b6 25.a5 Qe7 26.Qa6 Re8 27.c5 dxc5 28.Bb5 c6 29.Bxc6 Bd4+
30.Nxd4 Nxd4 31.axb6 Nf3+ 32.Rxf3 Re1+ 33.Rxe1  1-0

[Event "Malta ol (Men)"]
[Site "La Valetta"]
[Date "1980.??.??"]
[Round "?"]
[White "Ljubojevic, Ljubomir"]
[Black "Alburt, Lev O"]
[Result "1-0"]
[WhiteElo "2590"]
[BlackElo "2515"]

1.e4 Nf6 2.e5 Nd5 3.d4 d6 4.Nf3 g6 5.Bc4 Nb6 6.Bb3 Bg7 7.Ng5 d5 8.f4 f6 9.Nf3 Bg4
10.Nbd2 Nc6 11.c3 Bh6 12.h3 Be6 13.Nf1 Qd7 14.f5 Bxc1 15.fxe6 Qxe6 16.Qxc1 fxe5
17.dxe5 Nxe5 18.Nxe5 Qxe5+ 19.Qe3 Qd6 20.O-O-O e5 21.Nd2 Qe7 22.Rhe1 e4 23.Nxe4 dxe4
24.Qd4  1-0

[Event "Lone Pine"]
[Site "Lone Pine"]
[Date "1980.??.??"]
[Round "1"]
[White "Alburt, Lev O"]
[Black "Ginsburg, Mark"]
[Result "1-0"]
[WhiteElo "2515"]
[BlackElo "2370"]

1.c4 e5 2.Nc3 Nf6 3.Nf3 d6 4.d4 e4 5.Nd2 Bf5 6.g4 Bxg4 7.Ndxe4 Nbd7 8.Qd3 Be7
9.Qg3 Bf5 10.Bg2 Rb8 11.Nxf6+ Bxf6 12.Qe3+ Qe7 13.Nb5 Qxe3 14.Bxe3 Kd8 15.Nxa7 c6
16.Bxc6 bxc6 17.Nxc6+ Kc7 18.Nxb8 Nxb8 19.Kd2 Re8 20.Kc3 Bg4 21.Rhe1 Re4
22.b4 Nc6 23.Rad1 Be6 24.a4 h5 25.Rg1 g6 26.Rg3 Ne5 27.dxe5 Bxe5+ 28.Bd4 Bxg3
29.hxg3 Rxe2 30.b5 g5 31.a5 Bg4 32.Ra1 Bf3 33.a6 h4 34.b6+ Kd7 35.gxh4 gxh4
36.Be3 d5 37.b7 d4+ 38.Bxd4 Re8 39.Be5  1-0

[Event "Lone Pine"]
[Site "Lone Pine"]
[Date "1980.??.??"]
[Round "2"]
[White "Wilder, Michael"]
[Black "Alburt, Lev O"]
[Result "1-0"]
[WhiteElo "2305"]
[BlackElo "2515"]

1.Nf3 Nf6 2.g3 c5 3.Bg2 Nc6 4.O-O e5 5.d3 d5 6.e4 Be7 7.Nbd2 Be6 8.c3 dxe4
9.dxe4 Nd7 10.Qe2 Nb6 11.Rd1 Qc7 12.Nf1 O-O 13.Ne3 Rfd8 14.Bd2 h6 15.b3 Bf8
16.Be1 c4 17.b4 a5 18.a3 Be7 19.Rxd8+ Rxd8 20.Rd1 a4 21.Rxd8+ Bxd8 22.Bd2 Na7
23.Bc1 Nb5 24.Qc2 Bf6 25.h4 Qc6 26.Nh2 Qd7 27.Bf1 Nd6 28.Be2 Qc6 29.Bf3 h5
30.Bb2 g6 31.Bc1 Bg7 32.Kg2 Kh7 33.Kg1 Nd7 34.Bg2 Nf6 35.Nf3 Kg8 36.Nxe5 Qe8
37.f4 Bc8 38.Nd1 Nh7 39.Nf2 b5 40.Qd1 Bf8 41.Be3 f6 42.Bc5 Nxe4 43.Nxe4 fxe5
44.Bxf8 Kxf8 45.Qd6+ Qe7 46.Qb8 Qb7 47.Qxe5  1-0

[Event "Lone Pine"]
[Site "Lone Pine"]
[Date "1980.??.??"]
[Round "4"]
[White "Ivanovic, Bozidar"]
[Black "Alburt, Lev O"]
[Result "1/2-1/2"]
[WhiteElo "2440"]
[BlackElo "2515"]

1.e4 Nf6 2.e5 Nd5 3.Bc4 Nb6 4.Bb3 d5 5.d4 Bf5 6.a4 e6 7.Nf3 c5 8.c3 Nc6 9.O-O Be7
10.dxc5 Nd7 11.Nd4 Bxb1 12.Rxb1 Ndxe5 13.f4 Nd7 14.f5 e5 15.Ne6 Bxc5+ 16.Nxc5 Nxc5
17.Bxd5 Ne7 18.Bxf7+ Kxf7 19.Qh5+ Kg8 20.f6 Ng6 21.fxg7 Kxg7 22.Bh6+ Kg8
23.Qf3 Qe7 24.Rbd1 Ne6 25.Qg4 Re8 26.b4 b6 27.g3 a5 28.Rd5 Rf8 29.Bxf8 Nxf8
30.h4 h5 31.Rxf8+ Kg7 32.Qxg6+ Kxg6 33.Rxh8 axb4 34.Rg8+ Kf6 35.Rc8 Kf5 36.Rd1 b3
37.Rf8+ Kg4 38.Rdf1 Kh3 39.R8f2 Qc5 40.Kh1 Qxc3 41.g4 Qc6+ 42.Kg1 hxg4 43.Rh2+ Kg3
44.h5 Qc5+ 45.Kh1 Qd5+ 46.Kg1 Qd4+ 47.Kh1 b2 48.Rg2+ Kh4 49.Rb1 Qe4 50.Rxb2 g3
51.Rb3 Qe1+ 52.Rg1 Qe4+  1/2-1/2

[Event "Lone Pine"]
[Site "Lone Pine"]
[Date "1980.??.??"]
[Round "6"]
[White "Arnason, Jon L"]
[Black "Alburt, Lev O"]
[Result "0-1"]
[WhiteElo "2435"]
[BlackElo "2515"]

1.e4 Nf6 2.e5 Nd5 3.d4 d6 4.Bc4 Nb6 5.Bb3 Bf5 6.Qf3 Qc8 7.Nh3 Nc6 8.c3 e6
9.Ng5 Be7 10.Qg3 Qd7 11.O-O dxe5 12.dxe5 Qd3 13.Nf3 O-O-O 14.Re1 h6 15.Be3 Nd5
16.Nbd2 g5 17.Nc4 Bh7 18.Rad1 Qf5 19.Ba4 g4 20.Nd4 Nxd4 21.Bxd4 Qf4 22.Ne3 Qxg3
23.hxg3 h5 24.Bb3 Nb6 25.Nc4 Nd7 26.Rd2 Bg6 27.Bd1 Bg5 28.Be3 Bxe3 29.Rxe3 b5
30.Na3 Nb6 31.Rxd8+ Rxd8 32.Bb3 a6 33.Re2 c5 34.Kh2 Kc7 35.Bc2 Bd3 36.Rd2 Bxc2
37.Rxc2 Rd1 38.Re2 Ra1 39.b3 Nd5 40.c4 Nc3 41.Rb2 b4 42.Nc2 Rxa2 43.Rxa2 Nxa2
44.f3 Nc1 45.fxg4 hxg4  0-1

[Event "New York Inv"]
[Site "New York"]
[Date "1980.??.??"]
[Round "2"]
[White "Alburt, Lev O"]
[Black "Matera, Salvatore"]
[Result "1-0"]
[WhiteElo "2515"]
[BlackElo "2410"]

1.c4 g6 2.d4 Bg7 3.Nc3 Nf6 4.e4 d6 5.Be2 O-O 6.Bg5 c5 7.d5 Qa5 8.Bd2 e6 9.Nf3 exd5
10.cxd5 Bg4 11.O-O Nbd7 12.Qc2 a6 13.a4 Bxf3 14.Bxf3 c4 15.Nb5 Qb6 16.Na3 Rac8
17.Rac1 Ne5 18.a5 Qd8 19.Be2 Re8 20.f3 Nfd7 21.Nxc4 Nxc4 22.Bxc4 b5 23.axb6 Qxb6+
24.Kh1 Qxb2 25.Qxb2 Bxb2 26.Bxa6 Bxc1 27.Bxc8 Bxd2 28.Bxd7 Ra8 29.g3 Ra7
30.Bb5 Bc3 31.Bd3 Ra1 32.Bb1 Kg7 33.Kg2 Bd4 34.Rc1 Bb2 35.Rd1 Kf6 36.f4 h5
37.Kf3 Ke7 38.Ke2 Bf6 39.Re1 h4 40.gxh4 Bxh4 41.Rc1 Kd8 42.Kf3 Bf6 43.Kg4 Bb2
44.Rd1 Ke7 45.Re1 Kf6 46.h4 Bd4 47.h5 gxh5+ 48.Kxh5 Bb2 49.Kg4 Bd4 50.Rh1 Bb2
51.Rd1 Bc3 52.Rd3 Bb2 53.Bc2 Rg1+ 54.Kh3 Rc1 55.Rd2 Rf1 56.e5+ dxe5 57.d6 Rh1+
58.Kg4 Rh8 59.d7 Rd8 60.Ba4 Bd4 61.Rd1 Ke6 62.f5+ Kd5 63.Rc1 Bc5 64.f6 Rh8
65.Bb3+ Kd6 66.Bxf7 Kxd7 67.Rxc5 Rf8 68.Rd5+ Kc6 69.Rxe5 Rxf7 70.Kf5  1-0

[Event "New York MCC"]
[Site "New York"]
[Date "1980.??.??"]
[Round "2"]
[White "Alburt, Lev O"]
[Black "Coudari, Camille"]
[Result "1-0"]
[WhiteElo "2515"]
[BlackElo "2325"]

1.c4 e5 2.Nc3 Nf6 3.Nf3 d6 4.d4 Nbd7 5.e4 g6 6.Be2 Bg7 7.O-O exd4 8.Nxd4 O-O
9.f3 Re8 10.Bg5 c6 11.Qd2 a5 12.Kh1 Qb6 13.Be3 Qc7 14.Rfd1 Ne5 15.b3 Re7
16.Bg5 Re8 17.Nc2 Re6 18.Rac1 Ned7 19.Na4 b6 20.Bf4 Ne8 21.Nd4 Re7 22.Bg5 f6
23.Bf4 Ne5 24.Nc3 Bf8 25.Be3 Rb8 26.a3 Bb7 27.f4 Nf7 28.Bf3 Ng7 29.b4 axb4
30.axb4 Rbe8 31.b5 c5 32.Nc6 Bxc6 33.bxc6 Re6 34.Nd5  1-0

[Event "New York MCC"]
[Site "New York"]
[Date "1980.??.??"]
[Round "3"]
[White "Lein, Anatoly"]
[Black "Alburt, Lev O"]
[Result "0-1"]
[WhiteElo "2520"]
[BlackElo "2515"]

1.e4 Nf6 2.Nc3 d5 3.exd5 Nxd5 4.Bc4 Nb6 5.Bb3 Nc6 6.Nf3 Bf5 7.d4 e6 8.Bf4 Bd6
9.Qd2 O-O 10.Bg3 Bg4 11.O-O-O Na5 12.Rde1 Nxb3+ 13.axb3 a5 14.Ne5 Bf5 15.Bf4 Bxe5
16.Bxe5 a4 17.bxa4 Nxa4 18.g4 Bg6 19.h4 Nxc3 20.Qxc3 Ra6 21.Qe3 Rc6 22.c3 Qa8
23.Kd1 Qa4+ 24.Ke2 Qb5+ 25.Kf3 Qxb2 26.Rc1 f6 27.Bg3 Bc2 28.c4 Qb3 29.Rxc2 Qxc2
30.Rc1 Qa2 31.Kg2 Re8 32.c5 Qd5+ 33.Kh2 Rd8 34.Rd1 e5 35.g5 exd4 36.Qf4 Qxc5
37.gxf6 Rxf6 38.Qd2 Rf7 39.Rc1 Qh5 40.Qd3 c5 41.Qb5 d3 42.Re1 d2  0-1

[Event "New York Inv"]
[Site "New York"]
[Date "1980.??.??"]
[Round "3"]
[White "Zaltsman, Vitaly F"]
[Black "Alburt, Lev O"]
[Result "1-0"]
[WhiteElo "2460"]
[BlackElo "2515"]

1.d4 Nf6 2.c4 c5 3.d5 b5 4.cxb5 a6 5.e3 g6 6.Nc3 Bg7 7.Nf3 O-O 8.a4 Bb7 9.Bc4 e6
10.bxa6 Bxd5 11.Nxd5 exd5 12.Bxd5 Nxd5 13.Qxd5 Nxa6 14.O-O Qe7 15.e4 Rfe8
16.e5 Nb4 17.Qd1 Bxe5 18.Re1 Qf6 19.Nxe5 Rxe5 20.Rxe5 Qxe5 21.Be3 d6 22.Qd2 Qd5
23.h3 Qxd2 24.Bxd2 Nc2 25.Ra2 c4 26.Bc3 d5 27.a5 Ra6 28.Kf1 Kf8 29.Ke2 d4
30.Kd2 dxc3+ 31.Kxc2 cxb2 32.Kxb2 Ke7 33.Kc3 Kd7 34.Kxc4 Kc7 35.Kb5 Kb7 36.Re2 Rf6
37.Re7+ Kb8 38.f3 h5 39.Re8+ Ka7 40.Re7+ Kb8 41.h4 Rf5+ 42.Kb6 Rf6+ 43.Kc5 Rf5+
44.Kd6 Rf6+ 45.Kd7 Rf5 46.Kd6 Rf6+ 47.Ke5 Rf5+ 48.Ke4 Rxa5 49.Rxf7 Ra4+ 50.Ke5 Rxh4
51.Rg7 Kc8 52.Ke6 Rd4 53.Rxg6 Kc7 54.Rg5 Rd6+ 55.Ke7 Rd7+ 56.Kf6 Rd6+ 57.Kf5 Rh6
58.Rg7+ Kd8 59.Kg5 Rh8 60.Kh4  1-0

[Event "New York MCC"]
[Site "New York"]
[Date "1980.??.??"]
[Round "6"]
[White "Arnason, Jon L"]
[Black "Alburt, Lev O"]
[Result "1/2-1/2"]
[WhiteElo "2435"]
[BlackElo "2515"]

1.e4 Nf6 2.e5 Nd5 3.d4 d6 4.Bc4 Nb6 5.Bb3 Bf5 6.Qf3 Qc8 7.Nh3 Nc6 8.c3 e6
9.exd6 cxd6 10.Nd2 d5 11.g4 Bg6 12.Nf4 Na5 13.Bd1 Nac4 14.Qh3 Nxd2 15.Bxd2 Be7
16.Nxg6 fxg6 17.g5 Nc4 18.Ba4+ Kd8 19.Bc1 e5 20.Qxc8+ Rxc8 21.dxe5 Nxe5 22.O-O Rc4
23.Bb3 Rg4+ 24.Kh1 Kc7 25.Bxd5 Rd8 26.Bg2 Bc5 27.h3 Rh4 28.b4 Bb6 29.Re1 Nd3
30.Re7+ Rd7 31.Rxd7+ Kxd7 32.Be3 Nxf2+ 33.Bxf2 Bxf2 34.Rf1 Rf4 35.Bxb7 Kc7
36.Kg2 Bg3 37.Bf3 Bh4 38.Rd1 Bxg5 39.Rd5 Rf5 40.Rd3 Rf4 41.Bg4 Bf6 42.Rd7+ Kb6
43.Rd6+ Kc7 44.Rd7+  1/2-1/2

[Event "New York Inv"]
[Site "New York"]
[Date "1980.??.??"]
[Round "6"]
[White "Alburt, Lev O"]
[Black "Gruchacz, Robert"]
[Result "1/2-1/2"]
[WhiteElo "2515"]
[BlackElo "2365"]

1.c4 c5 2.Nf3 g6 3.d4 cxd4 4.Nxd4 Nc6 5.e4 Bg7 6.Be3 Nf6 7.Nc3 Ng4 8.Qxg4 Nxd4
9.Qd1 Ne6 10.Rc1 Qa5 11.Qd2 b6 12.Bd3 Bb7 13.O-O g5 14.b3 Be5 15.Rfe1 Rg8
16.Nd5 Qxd2 17.Bxd2 f6 18.Be2 Kd8 19.b4 Rc8 20.Red1 Nf4 21.Nxf4 gxf4 22.f3 e6
23.Be1 Ke7 24.Bf2 Bd6 25.Rb1 Bc6 26.Rd3 Rc7 27.a3 Be5 28.Bd1 d6 29.a4 Kd8
30.b5 Bb7 31.Be2 Rxc4 32.a5 Kc7 33.Rdd1 Rc2 34.Rdc1 Rxc1+ 35.Rxc1+ Kd7 36.axb6 axb6
37.Bxb6 Rc8 38.Rxc8 Kxc8 39.Bc4 Kd7 40.Kf2 d5 41.Bd3 h6 42.Bc5 Bd6 43.Bd4 Ke7
44.Ke2 e5 45.Bf2 Ke6 46.Bh4 Bc5 47.Be1 Bg1 48.h3 Bb6 49.Bb4 f5 50.exf5+ Kf6
51.Bc3 Bc8 52.Be1 Bxf5 53.Bxf5 Kxf5 54.Bf2 Bxf2 55.Kxf2 Ke6 56.g4 fxg3+ 57.Kxg3 Kd6
58.f4 exf4+ 59.Kxf4 Kc5 60.Ke5 Kxb5  1/2-1/2

[Event "New York Inv"]
[Site "New York"]
[Date "1980.??.??"]
[Round "7"]
[White "Shamkovich, Leonid"]
[Black "Alburt, Lev O"]
[Result "1-0"]
[WhiteElo "2515"]
[BlackElo "2515"]

1.e4 Nf6 2.e5 Nd5 3.d4 d6 4.Nf3 Bg4 5.Be2 e6 6.O-O Be7 7.c4 Nb6 8.Nc3 O-O
9.Be3 d5 10.c5 Bxf3 11.gxf3 Nc8 12.f4 Nc6 13.Bd3 Bxc5 14.dxc5 d4 15.Qh5 g6
16.Qh6 dxc3 17.Rad1 Qe7 18.bxc3 Rd8 19.Be4 Qe8 20.f5 exf5 21.Bxc6 bxc6 22.Rxd8 Qxd8
23.Bg5 Qf8 24.Qh4 Qxc5 25.Rd1 Nb6 26.Bh6 Nd5 27.c4 Qe7 28.Bg5 Qxe5 29.cxd5 cxd5
30.Bf6 Qe2 31.Rxd5 Qxa2 32.Qd4 Rf8 33.Rd8 Qa3 34.Rxf8+ Qxf8 35.Qxa7 Qc8 36.Be5 f6
37.Bxc7 Qd7 38.Qa8+ Kg7 39.Qd8 Qe6 40.Qd3 g5 41.Bd6 h5 42.Bb4 Kg6 43.Bc3 h4
44.h3 Qc6 45.Qd4 f4 46.Qd3+ Kg7 47.f3 Qe6 48.Kg2 Qa2+ 49.Qd2 Qe6 50.Qb2 Kg6
51.Qb1+ Kh6 52.Qe4 Qa6 53.Kf2 Kg7 54.Qd5 Kg6 55.Qg8+ Kf5 56.Qf7 Qb6+ 57.Kg2 Qd8
58.Qh7+ Ke6 59.Qe4+ Kf7 60.Qd4 Qe7 61.Qd5+ Kf8 62.Kf1 Ke8 63.Qe4 Qxe4 64.fxe4 Kf7
65.Kg2 Kg6 66.Kf3 f5 67.exf5+ Kxf5 68.Bd4  1-0

[Event "New York Inv"]
[Site "New York"]
[Date "1980.??.??"]
[Round "8"]
[White "Alburt, Lev O"]
[Black "Mednis, Edmar John"]
[Result "1/2-1/2"]
[WhiteElo "2515"]
[BlackElo "2485"]

1.c4 Nf6 2.Nc3 e6 3.e4 d5 4.e5 d4 5.exf6 dxc3 6.bxc3 Qxf6 7.Nf3 e5 8.Bd3 Bd6
9.O-O O-O 10.Be4 Nc6 11.Rb1 Bf5 12.Qc2 Bxe4 13.Qxe4 Rab8 14.Re1 Qg6 15.Qxg6 hxg6
16.d4 exd4 17.cxd4 b6 18.Be3 Rfd8 19.Kf1 Rbc8 20.g4 f6 21.Kg2 Kf7 22.h4 Rd7
23.Rec1 Be7 24.Rb5 Nd8 25.a4 Ne6 26.h5 gxh5 27.gxh5 Rh8 28.a5 Nd8 29.axb6 cxb6
30.Rf5 Ke8 31.Re1 Nc6 32.Re2 Kd8 33.d5 Na5 34.Rc2 Rc7 35.Nd4 Rxc4 36.d6 Bxd6
37.Rxa5 Rxc2 38.Rd5 Rc5 39.Rxd6+ Ke7 40.Re6+ Kf7 41.Rd6 Ke7 42.Re6+ Kd7 43.h6 Rg8
44.hxg7 Rxg7+ 45.Kf3 Rf7 46.Ke4 f5+ 47.Kf4 Rd5 48.Rg6 Kc7 49.Rg5 Kb7 50.Nxf5 Rd8
51.Ke4 Re8+ 52.Kd3 Rd8+ 53.Nd4 Rdf8 54.Ne6 Rxf2 55.Rg7+ Ka6 56.Nxf8 Rxf8
57.Kc4 Rf5 58.Bd4 Rh5 59.Re7 Rh1 60.Kb3 Rb1+ 61.Kc2 Rh1 62.Rf7 Re1 63.Rh7 Re4
64.Kd3 Re1 65.Bc3 Re8 66.Rf7 Re6 67.Bd2 Rd6+ 68.Kc3 Rc6+ 69.Kb3 Rd6 70.Kc2 Rc6+
71.Kd1 Rd6 72.Ke2 Re6+ 73.Kf3 Re8 74.Bf4 Ra8 75.Ke4 Kb5 76.Kd5 Rd8+ 77.Bd6 a5
78.Rf1 Rc8 79.Rb1+ Ka6 80.Ra1 Rc2 81.Be7 Kb7 82.Bf6 Rc5+ 83.Kd4 Rc6 84.Be5 Rc8
85.Kd5 Rc5+ 86.Kd6 Rc6+ 87.Kd7 Rc5 88.Bd6 Rc2 89.Rb1 Rc3 90.Rh1 Rc2 91.Rh8 Rd2
92.Rh7 Rd1 93.Ke6+ Kc6 94.Rc7+ Kb5 95.Ra7 Kc6 96.Be5 Kb5  1/2-1/2

[Event "New York MCC"]
[Site "New York"]
[Date "1980.??.??"]
[Round "9"]
[White "Alburt, Lev O"]
[Black "Valvo, Michael J"]
[Result "1-0"]
[WhiteElo "2515"]
[BlackElo "2465"]

1.d4 Nf6 2.c4 c5 3.d5 b5 4.cxb5 a6 5.e3 axb5 6.Bxb5 Ba6 7.Bxa6 Qa5+ 8.Nc3 Nxa6
9.Ne2 g6 10.O-O d6 11.Bd2 Qb4 12.a3 Qb7 13.Qa4+ Nd7 14.b4 Bg7 15.Rfb1 cxb4
16.axb4 O-O 17.Qc6 Qxc6 18.dxc6 Nb6 19.e4 Nc7 20.Be3 Nc4 21.Rxa8 Rxa8 22.Nd5 Nb5
23.Nxe7+ Kf8 24.Nd5 Ra6 25.c7 Rc6 26.Rc1 Bb2 27.Rc2 Nba3 28.b5 Nxb5 29.Nb6 Nxb6
30.Rxc6 Nc8 31.Rb6  1-0

[Event "New York Inv"]
[Site "New York"]
[Date "1980.??.??"]
[Round "11"]
[White "Burger, Karl"]
[Black "Alburt, Lev O"]
[Result "1-0"]
[WhiteElo "2335"]
[BlackElo "2515"]

1.e4 Nf6 2.Nc3 d5 3.e5 Ne4 4.Nce2 f6 5.d3 Ng5 6.Nf4 e6 7.exf6 Qxf6 8.Qg4 Bb4+
9.Kd1 O-O 10.Nh5 Qxf2 11.Nf3 Rxf3 12.Qxb4 Nc6 13.Qd2 Qxd2+ 14.Bxd2 Rf5 15.g4 Re5
16.Bf4 Nf7 17.Bxe5 Nfxe5 18.Be2 Nd4 19.c3 Nxe2 20.Kxe2 Bd7 21.Rhf1 Bb5 22.Rad1 Nxg4
23.Rg1 Be8 24.Nxg7 Kxg7 25.Rxg4+ Kh6 26.Rf1 Bg6 27.Rf6 Re8 28.h4 Kh5 29.Rff4 e5
30.Rg5+ Kh6 31.Rf6 Kg7 32.Rff5 h6 33.Rg3 Kh7 34.Rf6 Bh5+ 35.Kd2 e4 36.Rf5 Bf3
37.Rf7+ Kh8 38.Rxc7 e3+ 39.Ke1 Bh5 40.Rd7 Re5 41.d4  1-0

[Event "Lone Pine op"]
[Site "Lone Pine"]
[Date "1981.??.??"]
[Round "?"]
[White "Biyiasas, Peter"]
[Black "Alburt, Lev O"]
[Result "1-0"]
[WhiteElo "2450"]
[BlackElo "2575"]

1.Nf3 Nf6 2.g3 d5 3.Bg2 Nc6 4.d4 e6 5.O-O Be7 6.c3 Ne4 7.Nbd2 f5 8.Ne1 O-O
9.Nd3 a5 10.f3 Nxd2 11.Bxd2 b6 12.Re1 Ba6 13.Nf4 Qd7 14.e4 g5 15.exd5 Nxd4
16.Nh3 Nb5 17.dxe6 Qd8 18.Bxg5 Bxg5 19.Nxg5 Qe7 20.f4 Rad8 21.Qe2 c6 22.Nf7 Rde8
23.Qe5 Qc5+ 24.Qxc5 bxc5 25.Bxc6 Re7 26.Rad1 Kg7 27.Re5 Na7 28.Bd7 Rb8 29.Rd2 Nc8
30.Rxf5 Nb6 31.Ne5 Bb7 32.Rg5+ Kf8 33.c4 Rd8 34.f5  1-0

[Event "Lone Pine op"]
[Site "Lone Pine"]
[Date "1981.??.??"]
[Round "?"]
[White "Alburt, Lev O"]
[Black "Sigurjonsson, Gudmundur"]
[Result "1-0"]
[WhiteElo "2575"]
[BlackElo "2435"]

1.c4 e5 2.Nc3 Nf6 3.Nf3 Nc6 4.g3 Bc5 5.Bg2 d6 6.O-O O-O 7.d3 h6 8.e3 Re8
9.d4 Bb4 10.Nd5 e4 11.Nd2 Bxd2 12.Bxd2 Bf5 13.f3 Bh7 14.Nxf6+ Qxf6 15.fxe4 Qe7
16.Qb3 Nd8 17.e5 dxe5 18.d5 f6 19.Bb4 Qd7 20.c5 Kh8 21.e4 Nf7 22.Qe3 Qa4
23.Bc3 b6 24.b3 Qa3 25.c6 a5 26.Rf2 Qe7 27.a4 Ra7 28.Bb2 Nd6 29.Ba3 Qd8 30.Re1 Bg6
31.Qd3 Qe7 32.Bh3 Kh7 33.Qf3 Rd8 34.Be6 Bf7 35.Bxd6 Rxd6 36.Bxf7 Qxf7 37.Qf5+ Kg8
38.Ref1 Qe8 39.g4 Ra8 40.h4 Qe7 41.g5 fxg5 42.hxg5 hxg5 43.Qf7+ Qxf7 44.Rxf7 Rc8
45.Re7 Rf6 46.Rxe5 Kf7 47.Rxg5 Re8 48.e5 Rxf1+ 49.Kxf1 g6 50.Kg2 Rd8 51.d6 cxd6
52.c7 Rg8 53.exd6 Ke6 54.Rd5 Kd7 55.Kg3 g5 56.Kg4 Rg6 57.Rd1 Rg8 58.Rd4 Rg7
59.b4 Rg8 60.b5 Rg7 61.Rc4  1-0

[Event "Santiago"]
[Site "Santiago"]
[Date "1981.??.??"]
[Round "7"]
[White "Salazar, Hernan"]
[Black "Alburt, Lev O"]
[Result "1/2-1/2"]
[WhiteElo "2345"]
[BlackElo "2580"]

1.e4 Nf6 2.Nc3 d5 3.exd5 Nxd5 4.Nxd5 Qxd5 5.d4 Nc6 6.Nf3 e5 7.Be3 Bg4 8.dxe5 Bxf3
9.Qxf3 Qxf3 10.gxf3 Nxe5 11.O-O-O Bd6 12.Bb5+ Kf8 13.Be2 h5 14.Rd5 Ng6 15.Bd3 b6
16.h3 Re8 17.Rg1 Re6 18.Kd1 Rf6 19.Bd4 Rxf3 20.Bxg6 fxg6 21.Rxg6 Rh7 22.Ke2 Rxh3
23.Rdg5 Rh1 24.Bxg7+ Kf7 25.Rf6+ Ke8 26.Re6+ Kd7 27.Rh6 Rxh6 28.Bxh6 h4 29.Rh5 Ke6
30.Kf3 h3 31.Bf4 Bxf4 32.Kxf4 Rc1 33.Rxh3 Rxc2 34.Rb3 Rxf2+ 35.Ke3 Rh2 36.Rb4 c5
37.Ra4 Rxb2 38.Rxa7 Kd5 39.Kd3 b5 40.Kc3 Rh2 41.Ra8 Rh3+ 42.Kb2 Kc4 43.Rg8 Kb4
44.Rg2 c4 45.Rf2 Ka4 46.Rf4 Rh2+ 47.Kb1 Rd2 48.Rf8 Ka3 49.Ra8+ Kb4 50.Rh8 Kc3
51.Rh3+ Rd3 52.Rh1 Re3 53.Rc1+ Kd2 54.Rc2+ Kd3 55.Rc1 Re2 56.Rd1+ Rd2 57.Rh1 b4
58.Rh3+ Kd4 59.Rg3 Re2 60.Rh3 Re3 61.Rh1 c3 62.Rh8 Re1+ 63.Kc2 Re2+ 64.Kb1 Rb2+
65.Ka1 Kc4 66.Rh4+ Kb5 67.Rh8 b3 68.axb3 Kb4 69.Rb8+ Kc5 70.Rb7 Kd4 71.Rh7 Kd3
72.Rh3+ Kc2 73.Rh1 Rxb3 74.Rh2+ Kd3 75.Rh3+ Kc4 76.Rh4+ Kb5 77.Ka2 Rb2+ 78.Ka3 Rb1
79.Rh5+ Kb6 80.Rh6+  1/2-1/2

[Event "Santiago"]
[Site "Santiago"]
[Date "1981.??.??"]
[Round "9"]
[White "Van Riemsdijk, Herman C"]
[Black "Alburt, Lev O"]
[Result "0-1"]
[WhiteElo "2390"]
[BlackElo "2580"]

1.e4 Nf6 2.e5 Nd5 3.d4 d6 4.Nf3 Bg4 5.Be2 e6 6.O-O Be7 7.c4 Nb6 8.Be3 O-O
9.Nc3 d5 10.c5 Bxf3 11.gxf3 Nc8 12.f4 Nc6 13.b4 a6 14.f5 exf5 15.f4 Nb8 16.Bd3 Qd7
17.Qf3 Rd8 18.h4 Bf8 19.h5 Nc6 20.a3 N8e7 21.Ra2 b6 22.cxb6 cxb6 23.Qh3 Rdc8
24.Ne2 Nd8 25.Ng3 Rc3 26.Bxf5 Qa4 27.Re2 Qxa3 28.Rf3 Ndc6 29.Bg4 Qxb4 30.f5 Nxd4
31.Rf4 Nxe2+ 32.Nxe2 Rxe3 33.Qxe3 Qc5 34.Nd4 Nc6 35.f6 Nxd4 36.Rxd4 Qxd4  0-1

[Event "Santiago"]
[Site "Santiago"]
[Date "1981.??.??"]
[Round "11"]
[White "Frias, Victor J"]
[Black "Alburt, Lev O"]
[Result "1-0"]
[WhiteElo "2430"]
[BlackElo "2580"]

1.d4 Nf6 2.c4 c5 3.d5 b5 4.Nf3 g6 5.cxb5 a6 6.e3 d6 7.Nc3 Bg7 8.a4 O-O 9.Be2 axb5
10.Bxb5 Ba6 11.Bd2 Nbd7 12.O-O Ne8 13.e4 Nc7 14.Qe2 Qb8 15.Rab1 Nb6 16.Bxa6 Rxa6
17.b4 Bxc3 18.bxc5 Bg7 19.cxd6 exd6 20.a5 Qb7 21.Be3 Rxa5 22.Bxb6 Raa8 23.Nd4 Ne8
24.Nc6 Qd7 25.Rfd1 Nf6 26.Bd4 Rfe8 27.Qb2 Nh5 28.Bxg7 Nxg7 29.f3 f5 30.exf5 Nxf5
31.Re1 Qf7 32.Qd2 h6 33.g3 g5 34.Qd3 Ng7 35.Re4 Rxe4 36.fxe4 Qf6 37.Rf1 Ra1
38.e5 Rxf1+ 39.Qxf1 Qxf1+ 40.Kxf1 Nf5 41.Ne7+  1-0

[Event "Luzern ol (Men)"]
[Site "Luzern"]
[Date "1982.??.??"]
[Round "10"]
[White "Alburt, Lev O"]
[Black "Kovacevic, Vlatko"]
[Result "1-0"]
[WhiteElo "2565"]
[BlackElo "2560"]

1.c4 e6 2.g3 d5 3.d4 Nf6 4.Bg2 dxc4 5.Nf3 Bb4+ 6.Bd2 Be7 7.Qa4+ Bd7 8.Qxc4 Bc6
9.O-O Ne4 10.Bf4 Nd7 11.Ne5 Bd5 12.Qc2 g5 13.Bxe4 gxf4 14.Bxd5 exd5 15.Qf5 Nxe5
16.Qxe5 Rg8 17.Qxf4 Qd7 18.Nc3 f5 19.Rac1 c6 20.e3 h5 21.Na4 h4 22.Nc5 Bxc5
23.Rxc5 Rg4 24.Qh6 Qe7 25.Rxc6  1-0

[Event "Reykjavik op"]
[Site "Reykjavik"]
[Date "1982.??.??"]
[Round "?"]
[White "Schneider, Lars Ake"]
[Black "Alburt, Lev O"]
[Result "0-1"]
[WhiteElo "2435"]
[BlackElo "2550"]

1.e4 Nf6 2.e5 Nd5 3.d4 d6 4.Nf3 g6 5.Be2 Bg7 6.c4 Nb6 7.exd6 cxd6 8.h3 O-O
9.O-O Bf5 10.Nc3 Nc6 11.Bf4 h6 12.Qd2 g5 13.Be3 d5 14.Nxd5 Nxd5 15.cxd5 Qxd5
16.Rac1 Rfd8 17.Bc4 Qe4 18.Rfe1 Bxh3 19.Bf1 Bg4 20.Nh2 Be6 21.Bd3 Qh4 22.Nf3 Qh5
23.Rc5 Bd5 24.Be2 Qg6 25.Qc1 g4 26.Nh2 g3 27.fxg3 Nxd4 28.Bf1 Nf5 29.Bd3 Qxg3
30.Rxd5 Rxd5 31.Nf1 Qd6  0-1

[Event "Reykjavik op"]
[Site "Reykjavik"]
[Date "1982.??.??"]
[Round "?"]
[White "Kindermann, Stefan"]
[Black "Alburt, Lev O"]
[Result "1/2-1/2"]
[WhiteElo "2410"]
[BlackElo "2550"]

1.g3 c5 2.Bg2 Nc6 3.Nf3 e5 4.O-O d5 5.d3 Be7 6.e4 d4 7.Nbd2 Bg4 8.h3 Bh5
9.a3 g5 10.Qe1 f6 11.Nh2 Bd6 12.f4 exf4 13.e5 fxe5 14.gxf4 gxf4 15.Rxf4 Nf6
16.Nc4 Rg8 17.Kh1 Bc7 18.Rf5 Bg6 19.Nxe5 Nxe5 20.Rxe5+ Bxe5 21.Qxe5+ Qe7
22.Bf4 Rg7 23.Bxb7 Qxe5 24.Bc6+ Ke7 25.Bxe5 Rc8 26.Bb7 Rf8 27.Ng4 Nxg4 28.Bxg7 Rb8
29.hxg4 Rxb7 30.b3 Kd6 31.Bh6 Rf7 32.Kg2 Rf6 33.Bg5 Rf8 34.Re1 Kd5 35.Kg3 Re8
36.Rxe8 Bxe8 37.Kh4 Bd7 38.Be7 Be6 39.Kg3 a6 40.Bf6 Bd7 41.Be7 Be6 42.Kf4 Bd7
43.Kf3 Bc8 44.Kf4 Bb7 45.Bf8 Bc8 46.Kf3 Bb7  1/2-1/2

[Event "Reykjavik op"]
[Site "Reykjavik"]
[Date "1982.??.??"]
[Round "?"]
[White "Gurevich, Dmitry"]
[Black "Alburt, Lev O"]
[Result "1-0"]
[WhiteElo "2470"]
[BlackElo "2550"]

1.d4 Nf6 2.c4 d6 3.Nf3 Nbd7 4.g3 e5 5.Bg2 c6 6.O-O Be7 7.c5 O-O 8.cxd6 Bxd6
9.Nc3 Re8 10.Bg5 h6 11.Bxf6 Qxf6 12.Ne4 Qe7 13.Nxd6 Qxd6 14.dxe5 Qe7 15.Qc2 Nxe5
16.Nd4 Bd7 17.Rad1 Rad8 18.h3 Bc8 19.a3 g6 20.b4 Be6 21.Nxe6 Qxe6 22.Qc5 Rxd1
23.Rxd1 Qb3 24.Qc1 Kh7 25.Rd4 b5 26.Kh2 Qe6 27.Rh4 h5 28.Re4 Qd7 29.Qc5 Qc7
30.Qe3 Re7 31.Qc5 Re8 32.Qd4 Re7 33.a4 f5 34.Re3 bxa4 35.Qc5 g5 36.Kh1 Ng6
37.Ra3 Re5 38.Qd4 c5 39.Qc4 Qe7 40.Rxa4 h4 41.bxc5 Rxc5 42.Qd3 a5 43.Rd4 Kh6
44.Rd6 hxg3 45.fxg3  1-0

[Event "Reykjavik op"]
[Site "Reykjavik"]
[Date "1982.??.??"]
[Round "?"]
[White "Alburt, Lev O"]
[Black "Abramovic, Bosko"]
[Result "1/2-1/2"]
[WhiteElo "2550"]
[BlackElo "2445"]

1.c4 e6 2.Nc3 d5 3.d4 Be7 4.Nf3 Nf6 5.Bg5 h6 6.Bh4 O-O 7.e3 b6 8.Be2 Bb7
9.Bxf6 Bxf6 10.cxd5 exd5 11.O-O c6 12.Re1 Na6 13.Rc1 Nc7 14.b4 Ne6 15.Qb3 Rc8
16.Red1 Rc7 17.Ne1 Qe7 18.Bg4 g6 19.b5 c5 20.Nxd5 Bxd5 21.Qxd5 cxd4 22.Bxe6 Rxc1
23.Rxc1 dxe3 24.Bg4 Rd8 25.Rc8 Rxc8 26.Bxc8 Bc3  1/2-1/2

[Event "Reykjavik op"]
[Site "Reykjavik"]
[Date "1982.??.??"]
[Round "?"]
[White "Ivanovic, Bozidar"]
[Black "Alburt, Lev O"]
[Result "0-1"]
[WhiteElo "2485"]
[BlackElo "2550"]

1.e4 Nf6 2.e5 Nd5 3.d4 d6 4.Nf3 g6 5.Be2 Bg7 6.c4 Nb6 7.Be3 dxe5 8.Nxe5 Bxe5
9.dxe5 Qxd1+ 10.Kxd1 Nc6 11.Nd2 Be6 12.f4 O-O-O 13.b3 Rd7 14.Ke1 Bf5 15.Kf2 Rhd8
16.Nf3 f6 17.Bc5 fxe5 18.Nxe5 Nxe5 19.fxe5 Rd2 20.Ke3 Rc2 21.Rhc1 Rxc1 22.Rxc1 Nd7
23.Bd4 c5 24.Bc3 Nb8 25.a3 Nc6 26.g4 Be6 27.b4 b6 28.bxc5 bxc5 29.h3 Nd4
30.Bd3 h5 31.Bxg6 hxg4 32.hxg4 Bxg4 33.Rf1 Be6 34.Bd3 Nb3 35.Rg1 Rh8 36.Bf1 Rh4
37.Rg3 Kd7 38.Bd3 Nd4 39.Kd2 Rh2+ 40.Kd1 Ra2 41.Bxd4 cxd4 42.Be2 Bf5 43.Rg5 Ke6
44.c5 Rxa3 45.Bb5 Rc3 46.c6 Kxe5 47.Rg2 Rb3  0-1

[Event "Reykjavik op"]
[Site "Reykjavik"]
[Date "1982.??.??"]
[Round "?"]
[White "Alburt, Lev O"]
[Black "Horvath, Tamas"]
[Result "1-0"]
[WhiteElo "2550"]
[BlackElo "2400"]

1.d4 Nf6 2.g3 e6 3.Bg2 c5 4.Nf3 b5 5.e4 Bb7 6.e5 Nd5 7.O-O Qb6 8.c3 cxd4
9.Nxd4 Nc6 10.Nxc6 Bxc6 11.Nd2 Be7 12.a4 bxa4 13.Qg4 g6 14.Nc4 Qc7 15.Nd6+ Bxd6
16.exd6 Qxd6 17.Qd4 f6 18.c4 Qb4 19.Rd1 e5 20.Qh4 Ne7 21.Qxf6 Rf8 22.Qxe5 Bxg2
23.Kxg2 Qxc4 24.Re1 Qc6+ 25.Kg1 Qf6 26.Qe2 Kf7 27.Rxa4 Kg8 28.Bh6 Rfe8 29.Re4 Kf7
30.h4 d5 31.Re6  1-0